| 000 | 00655 a2200205 4500 | ||
|---|---|---|---|
| 010 | _aENG-85945 | ||
| 020 |
_a8120330757 _c325.00 |
||
| 035 | _aEN-69478 | ||
| 037 | _bD.B.Act / Pub | ||
| 082 | 1 | 4 | _a003 |
| 090 |
_c3844 _d3844 |
||
| 100 | 1 | _aSrinivasan, G. | |
| 245 | 1 |
_aOperations research _cby G. Srinivasan _bprinciples and applications |
|
| 260 |
_aNew Delhi _bPrentice Hall of India _c2007 |
||
| 270 |
_aM-97, Cannaught Circus _bNew Delhi _e110 001 |
||
| 300 |
_axv, 468 p. _b23 cm. (Pbk.) |
||
| 500 | _aIncludes index | ||
| 942 |
_adpl _cEN _k003 / SRI |
||
| 999 |
_c3766 _d3766 |
||